000 00334cam a22001097a 4500
008 180718b1962 xxu||||| |||| 00| 0 eng d
082 _aT442x54 R311
245 _aAppraisal of term loans
_cby Reserve Bank of India, Maharashtra
260 _aBombay
_bExaminer Press
_c1962
300 _a100p
700 _aMaharashtra. Reserve Bank of India
999 _c423909
_d423909